International political science review : IPSR = Revue internationale de science politique : RISP.

Bibliographic Details
Corporate Author: International Political Science Association
Format: Journal
Language:English
French
Language Notes:Chiefly in English; some also in French.
Published: [Beverly Hills, Calif.] : Sage Publications.
Guildford, England : Butterworths.
Los Angeles : Sage.
Subjects:
Online Availability: Check for online availability

MARC

Tag First Indicator Second Indicator Subfields
LEADER 00000cas a2200000 a 4500
001 in00000097838
005 20150925115126.0
008 790605c19809999cauqx p 0 a0eng c
010 |a  80644366   |z sn 79003920  
022 |a 0192-5121  |l 0192-5121  |2 2 
029 1 |a NLGGC  |b 803135769 
029 1 |a NLGGC  |b 241789400 
029 1 |a NZ1  |b 4100178 
029 1 |a AU@  |b 000001885208 
029 1 |a AU@  |b 000040711485 
029 1 |a AU@  |b 000026178345 
029 1 |a GEBAY  |b 10951241 
032 |a 000798  |b USPS 
035 |a (OCoLC)ocm05035602 
037 |b Journals Fulfillment Dept, Butterworths, 80 Montvale Ave., Stoneham, MA 02180 USA 
040 |a NSD  |c NSD  |d DLC  |d NSD  |d DLC  |d NST  |d OCL  |d NST  |d AIP  |d NST  |d NSD  |d NST  |d NSD  |d NST  |d DLC  |d NST  |d OCL  |d SYS  |d MYG  |d CUS  |d OCLCQ  |d MYG  |d OCL  |d NLGGC  |d EYM  |d HUL  |d LVB  |d NYDWH  |d TJC  |d OCLCQ  |d CLU  |d CUS  |d GEBAY  |d WAU  |d UtOrBLW 
041 0 |a eng  |a fre 
042 |a nsdp  |a pcc 
049 |a TXAM 
050 0 0 |a JA1.A1  |b R18 
082 0 4 |a 320/.05 
090 |a JA3  |b .I5 
210 0 |a Int. polit. sci. rev. 
222 0 |a International political science review 
245 0 0 |a International political science review :  |b IPSR = Revue internationale de science politique : RISP. 
246 3 0 |a IPSR 
246 3 0 |a RISP 
246 3 1 |a Revue internationale de science politique 
246 1 8 |a IPSR/RISP  |f <1987-> 
246 1 |a Revista internacional de ciencia politica  |f <2008-> 
264 1 |3 1980-<>:  |a [Beverly Hills, Calif.] :  |b Sage Publications. 
264 1 |3 <1987->:  |a Guildford, England :  |b Butterworths. 
264 1 |3 <Mar. 2007->:  |a Los Angeles :  |b Sage. 
300 |a volumes ;  |c 22-25 cm. 
310 |a 5 issues yearly,  |b 2007- 
321 |a Quarterly,  |b 1980-2006 
336 |a text  |b txt  |2 rdacontent 
337 |a unmediated  |b n  |2 rdamedia 
338 |a volume  |b nc  |2 rdacarrier 
362 1 |a Began with issue for Jan. 1980. 
500 |a Description based on: Volume 2, number 1, published in 1981; title from cover. 
500 |a Order of English and French titles varies. 
500 |a Issues have also distinctive titles. 
500 |a Latest issue consulted: Volume 31, number 1 (Jan. 2010). 
546 |a Chiefly in English; some also in French. 
550 |a Issued by: the International Political Science Association. 
650 0 |a Political science  |v Periodicals. 
710 2 |a International Political Science Association. 
776 0 8 |i Online version:  |t International political science review (Online)  |x 1460-373X  |w (DLC) 2006236654  |w (OCoLC)44689900 
850 |a AAP  |a ArU  |a AzU  |a C  |a CLU  |a CNoS  |a CU-SB  |a CaAEU  |a CaBVaS  |a CaBVaU  |a CaMBC  |a CaMWU  |a CaNBSaM  |a CaNSHD  |a CaOKR  |a CaOLU  |a CaOTU  |a CaOWA  |a CaOWtU  |a CaQMU  |a CaSRU  |a CaSSU  |a CoU  |a CtU  |a DGW  |a DLC  |a FU  |a ICarbS  |a IEN  |a IU  |a IaAS  |a IaU  |a InU  |a KyU 
850 |a MCM  |a MH  |a MU  |a MWH  |a MiU  |a MoU  |a MnU  |a NN  |a NNC  |a NRU  |a NSyU  |a NcD  |a NcRS  |a NcU  |a NcWsW  |a NjP  |a NjR  |a OCU  |a OU  |a OrU  |a PPiU  |a PU  |a RPB  |a UPB  |a ViBlbV  |a WU  |a WvU 
891 0 3 |9 853  |8 1  |a v.  |b no.  |i (year)  |j (month) 
891 4 0 |9 863  |8 1  |a <1>-  |i <1980>-  |x provisional 
891 2 0 |9 853  |8 2  |a v.  |b no.  |u 5  |v r  |i (year)  |j (month)  |w 5 
891 4 1 |9 863  |8 2.1  |a <28>  |b <2>  |i <2007>  |j <03> 
994 |a C0  |b TXA 
949 |a updated  |b h  |c 2011/9/28  |e coplinger  |f 8:58:01 am 
999 |a MARS 
999 f f |s 89819bca-1111-3c52-a657-a1d7a067a367  |i d0352c9f-9e5b-354b-abf4-06668a50a3f1  |t 0 
952 f f |p ric  |a Texas A&M University  |b Rellis Campus  |c Joint Library Facility  |d Remote Storage  |t 0  |e JA3 .I5  |h Library of Congress classification  |i unmediated -- volume  |k v.6  |l 1985  |m A14841576928 
952 f f |p ric  |a Texas A&M University  |b Rellis Campus  |c Joint Library Facility  |d Remote Storage  |t 0  |e JA3 .I5  |h Library of Congress classification  |i unmediated -- volume  |k v.3  |l 1982  |m A14841576813 
952 f f |p ric  |a Texas A&M University  |b Rellis Campus  |c Joint Library Facility  |d Remote Storage  |t 0  |e JA3 .I5  |h Library of Congress classification  |i unmediated -- volume  |k v.2  |l 1981  |m A14841576960 
952 f f |p ric  |a Texas A&M University  |b Rellis Campus  |c Joint Library Facility  |d Remote Storage  |t 0  |e JA3 .I5  |h Library of Congress classification  |i unmediated -- volume  |k v.4  |l 1983  |m A14841576821 
952 f f |p ric  |a Texas A&M University  |b Rellis Campus  |c Joint Library Facility  |d Remote Storage  |t 0  |e JA3 .I5  |h Library of Congress classification  |i unmediated -- volume  |k v.16  |l 1995  |m A14841576708 
952 f f |p ric  |a Texas A&M University  |b Rellis Campus  |c Joint Library Facility  |d Remote Storage  |t 0  |e JA3 .I5  |h Library of Congress classification  |i unmediated -- volume  |k v.22  |l 2001  |m A14828772652 
952 f f |p ric  |a Texas A&M University  |b Rellis Campus  |c Joint Library Facility  |d Remote Storage  |t 0  |e JA3 .I5  |h Library of Congress classification  |i unmediated -- volume  |k v.5  |l 1984  |m A14841576839 
952 f f |p ric  |a Texas A&M University  |b Rellis Campus  |c Joint Library Facility  |d Remote Storage  |t 0  |e JA3 .I5  |h Library of Congress classification  |i unmediated -- volume  |k v.24  |l 2003  |m A14831512639 
952 f f |p ric  |a Texas A&M University  |b Rellis Campus  |c Joint Library Facility  |d Remote Storage  |t 0  |e JA3 .I5  |h Library of Congress classification  |i unmediated -- volume  |k v.17  |l 1996  |m A14841576758 
952 f f |p ric  |a Texas A&M University  |b Rellis Campus  |c Joint Library Facility  |d Remote Storage  |t 0  |e JA3 .I5  |h Library of Congress classification  |i unmediated -- volume  |k v.15  |l 1994  |m A14841576847 
952 f f |p ric  |a Texas A&M University  |b Rellis Campus  |c Joint Library Facility  |d Remote Storage  |t 0  |e JA3 .I5  |h Library of Congress classification  |i unmediated -- volume  |k v.11  |l 1990  |m A14841576732 
952 f f |p ric  |a Texas A&M University  |b Rellis Campus  |c Joint Library Facility  |d Remote Storage  |t 0  |e JA3 .I5  |h Library of Congress classification  |i unmediated -- volume  |k v.20  |l 1999  |m A14825976922 
952 f f |p ric  |a Texas A&M University  |b Rellis Campus  |c Joint Library Facility  |d Remote Storage  |t 0  |e JA3 .I5  |h Library of Congress classification  |i unmediated -- volume  |k v.12  |l 1991  |m A14841576740 
952 f f |p ric  |a Texas A&M University  |b Rellis Campus  |c Joint Library Facility  |d Remote Storage  |t 0  |e JA3 .I5  |h Library of Congress classification  |i unmediated -- volume  |k v.1  |l 1980  |m A14841576855 
952 f f |p ric  |a Texas A&M University  |b Rellis Campus  |c Joint Library Facility  |d Remote Storage  |t 0  |e JA3 .I5  |h Library of Congress classification  |i unmediated -- volume  |k v.13  |l 1992  |m A14841576693 
952 f f |p ric  |a Texas A&M University  |b Rellis Campus  |c Joint Library Facility  |d Remote Storage  |t 0  |e JA3 .I5  |h Library of Congress classification  |i unmediated -- volume  |k v.9  |l 1988  |m A14841576782 
952 f f |p ric  |a Texas A&M University  |b Rellis Campus  |c Joint Library Facility  |d Remote Storage  |t 0  |e JA3 .I5  |h Library of Congress classification  |i unmediated -- volume  |k v.23  |l 2002  |m A14830356323 
952 f f |p ric  |a Texas A&M University  |b Rellis Campus  |c Joint Library Facility  |d Remote Storage  |t 0  |e JA3 .I5  |h Library of Congress classification  |i unmediated -- volume  |k V.7  |l 1986  |m A14841576889 
952 f f |p ric  |a Texas A&M University  |b Rellis Campus  |c Joint Library Facility  |d Remote Storage  |t 0  |e JA3 .I5  |h Library of Congress classification  |i unmediated -- volume  |k v.21  |l 2000  |m A14827344016 
952 f f |p ric  |a Texas A&M University  |b Rellis Campus  |c Joint Library Facility  |d Remote Storage  |t 0  |e JA3 .I5  |h Library of Congress classification  |i unmediated -- volume  |k v.18  |l 1997  |m A14841576669 
952 f f |p ric  |a Texas A&M University  |b Rellis Campus  |c Joint Library Facility  |d Remote Storage  |t 0  |e JA3 .I5  |h Library of Congress classification  |i unmediated -- volume  |k v.8  |l 1987  |m A14841576774 
952 f f |p ric  |a Texas A&M University  |b Rellis Campus  |c Joint Library Facility  |d Remote Storage  |t 0  |e JA3 .I5  |h Library of Congress classification  |i unmediated -- volume  |k v.14  |l 1993  |m A14841576651 
952 f f |p ric  |a Texas A&M University  |b Rellis Campus  |c Joint Library Facility  |d Remote Storage  |t 0  |e JA3 .I5  |h Library of Congress classification  |i unmediated -- volume  |k v.10  |l 1989  |m A14841576790 
952 f f |p ric  |a Texas A&M University  |b Rellis Campus  |c Joint Library Facility  |d Remote Storage  |t 0  |e JA3 .I5  |h Library of Congress classification  |i unmediated -- volume  |k v.19  |l 1998  |m A14841576619 
998 f f |a JA3 .I5  |s v.1-24 (1980-2003)  |t 0  |l Remote Storage